000 01094nam a2200301 i 4500
001 24670
005 20230823094945.0
008 210509s2017 bg b 000 0 eng
020 _a9789849291435
_q(Hardback)
037 _bLibrary of Congress -- New Delhi Overseas Office
040 _aDLC
_beng
_erda
_cDLC
_dBD-DhIUB
041 1 _aeng
_hben
082 _222
_bA155c
100 _aAnisuzzaman
_eauthor.
_93941
245 1 0 _aCultural pluralism and other essays /
_cAnisuzzaman.
260 _aDhaka :
_bJourneman books
_c2017
300 _a96 pages ;
_c24 cm
504 _aIncludes bibliographical references.
526 _aschool
_lREF
_beng
546 _aIncludes English version of original Bengali articles.
650 0 _aBengali literature
_xHistory and criticism.
650 0 _aIdentity (Philosophical concept) in literature.
650 0 _aBengali (South Asian people)
_xEthnic identity.
650 0 _aCultural pluralism.
906 _a7
_bcbc
_corigode
_d3
_encip
_f20
_gy-gencatlg
942 _2ddc
_cBK
999 _c24670
_d24629